[Event "3rd Memorial Warakomska 2019"]
[Site "Suwalki"]
[Date "2019.08.12"]
[Round "9.34"]
[White "Advait, Bagri"]
[Black "Bukojemski, Adam"]
[Result "0-1"]
[WhiteElo "1968"]
[BlackElo "2225"]
[Annotator "NA"]
[PlyCount "109"]
[EventDate "2019.08.05"]
[EventType "swiss"]
[EventCountry "POL"]
[SourceTitle "playchess.com"]
[Source "ChessBase"]
[SourceQuality "1"]
[TimeControl "40/5400+30:1800+30"]

1. e4 {[%emt 0:00:00]} c5 {[%emt 0:00:45]} 2. Nf3 {[%emt 0:00:18]} Nc6 {[%emt 0:00:09]} 3. Bb5 {[%emt 0:00:17]} Nd4 {[%emt 0:01:21]} 4. Bc4 {[%emt 0:01:47]} e6 {[%emt 0:00:28]} 5. c3 {[%emt 0:01:51]} b5 {[%emt 0:01:31]} 6. Bd3 {[%emt 0:07:11]} Nxf3+ {[%emt 0:00:46]} 7. Qxf3 {[%emt 0:00:12]} a6 {[%emt 0:00:47]} 8. O-O {[%emt 0:05:28]} Bb7 {[%emt 0:03:22]} 9. a4 {[%emt 0:02:58]} b4 {[%emt 0:01:49]} 10. Bc2 Qc7 {[%emt 0:03:32]} 11. d3 {[%emt 0:05:45]} Bd6 {[%emt 0:09:05]} 12. h3 {[%emt 0:02:16]} f5 {[%emt 0:03:18]} 13. Qe2 {[%emt 0:03:11]} fxe4 {[%emt 0:00:05]} 14. dxe4 {[%emt 0:00:20]} Nf6 {[%emt 0:00:10]} 15. Nd2 {[%emt 0:05:19]} O-O {[%emt 0:00:57]} 16. Kh1 {[%emt 0:08:11]} bxc3 {[%emt 0:10:42]} 17. bxc3 {[%emt 0:00:41]} Be5 {[%emt 0:00:08]} 18. Nc4 {[%emt 0:10:03]} Bxc3 {[%emt 0:08:56]} 19. Ra3 {[%emt 0:00:14]} Bd4 {[%emt 0:00:23]} 20. e5 {[%emt 0:13:49]} Qc6 {[%emt 0:00:22]} 21. Rg3 {[%emt 0:00:09]} Ne4 {[%emt 0:01:25]} 22. Bxe4 {[%emt 0:05:09]} Qxe4 {[%emt 0:00:04]} 23. Qd2 {[%emt 0:03:46]} Qh4 {[%emt 0:08:35]} 24. Kh2 {[%emt 0:03:18]} Rab8 {[%emt 0:13:38]} 25. a5 {[%emt 0:05:26]} Bd5 {[%emt 0:11:15]} 26. Nb6 {[%emt 0:00:57]} Bc6 {[%emt 0:01:06]} 27. f4 {[%emt 0:06:35]} Qe7 {[%emt 0:05:16]} 28. Bb2 {[%emt 0:04:02]} Bb5 {[%emt 0:01:41]} 29. Rff3 {[%emt 0:01:06]} Bxb2 {[%emt 0:02:34]} 30. Qxb2 {[%emt 0:00:02]} Rf7 {[%emt 0:00:01]} 31. Rg5 {[%emt 0:01:25]} Rbf8 {[%emt 0:00:31]} 32. Qd2 {[%emt 0:00:23]} Bc6 {[%emt 0:00:24]} 33. Rfg3 {[%emt 0:01:08]} Rxf4 {[%emt 0:02:33]} 34. Nc8 {[%emt 0:01:16]} Rxc8 {[%emt 0:04:07]} 35. Qxf4 {[%emt 0:00:24]} g6 {[%emt 0:00:30]} 36. Qh4 {[%emt 0:01:11]} Qg7 {[%emt 0:00:13]} 37. Qf4 {[%emt 0:00:45]} Rb8 {[%emt 0:02:40]} 38. Qe3 {[%emt 0:00:40]} Rb5 {[%emt 0:00:43]} 39. h4 {[%emt 0:00:16]} Rb4 {[%emt 0:00:18]} 40. h5 {[%emt 0:00:00]} Rh4+ {[%emt 0:00:00]} 41. Kg1 {[%emt 0:00:38]} Qf8 {[%emt 0:06:34]} 42. hxg6 {[%emt 0:02:31]} h6 {[%emt 0:00:25]} 43. g7 {[%emt 0:02:02]} Qb8 {[%emt 0:00:27]} 44. R5g4 {[%emt 0:07:34]} Qb1+ {[%emt 0:00:14]} 45. Kf2 {[%emt 0:00:07]} Rh1 {[%emt 0:01:03]} 46. Qd2 {[%emt 0:09:20]} Rf1+ {[%emt 0:14:57]} 47. Ke3 {[%emt 0:00:10]} Qf5 {[%emt 0:08:58]} 48. Qe2 {[%emt 0:05:18]} Bb5 {[%emt 0:01:47]} 49. Qxf1 {[%emt 0:02:50]} Bxf1 {[%emt 0:00:51]} 50. Rg6 {[%emt 0:00:19]} Bd3 {[%emt 0:01:30]} 51. R6g4 {[%emt 0:00:27]} c4 {[%emt 0:00:32]} 52. Kd4 {[%emt 0:00:48]} Qf2+ {[%emt 0:00:17]} 53. Kc3 {[%emt 0:00:17]} Bf5 {[%emt 0:00:25]} 54. Rg6 {[%emt 0:00:27]} Qc2+ {[%emt 0:00:10]} 55. Kd4 0-1

[Event "3rd Memorial Warakomska 2019"]
[Site "Suwalki"]
[Date "2019.08.12"]
[Round "9.35"]
[White "Bai, Adelard"]
[Black "Pniaczek, Marek"]
[Result "1/2-1/2"]
[WhiteElo "2113"]
[BlackElo "2276"]
[Annotator "ChessBase"]
[PlyCount "68"]
[EventDate "2019.08.05"]
[EventType "swiss"]
[EventCountry "POL"]
[SourceTitle "playchess.com"]
[Source "ChessBase"]
[SourceQuality "1"]
[TimeControl "40/5400+30:1800+30"]

1. d4 {[%emt 0:00:00]} Nf6 {[%emt 0:03:43]} 2. c4 {[%emt 0:00:00]} g6 {[%emt 0:00:04]} 3. f3 {[%emt 0:00:08]} Bg7 {[%emt 0:00:04]} 4. e4 {[%emt 0:00:35]} d6 {[%emt 0:00:04]} 5. Nc3 {[%emt 0:00:32]} O-O {[%emt 0:00:20]} 6. Be3 {[%emt 0:00:33]} Nc6 {[%emt 0:00:59]} 7. Nge2 {[%emt 0:00:57]} Bd7 {[%emt 0:00:39]} 8. Qd2 {[%emt 0:00:33]} Re8 {[%emt 0:02:43]} 9. Rc1 {[%emt 0:06:12]} a6 {[%emt 0:01:13]} 10. Nd1 {[%emt 0:04:53]} b5 {[%emt 0:04:43]} 11. c5 {[%emt 0:03:36]} dxc5 {[%emt 0:01:51]} 12. Rxc5 {[%emt 0:02:13]} e5 {[%emt 0:01:39]} 13. d5 {[%emt 0:08:50]} Ne7 {[%emt 0:06:56]} 14. Qc3 {[%emt 0:13:55]} Rc8 {[%emt 0:07:36]} 15. Ng3 {[%emt 0:01:20]} Rf8 {[%emt 0:04:49]} 16. Be2 {[%emt 0:06:26]} Ne8 {[%emt 0:00:53]} 17. O-O {[%emt 0:01:04]} Nd6 {[%emt 0:00:40]} 18. Qe1 {[%emt 0:07:52]} f5 {[%emt 0:01:32]} 19. exf5 {[%emt 0:00:14]} Nexf5 {[%emt 0:00:24]} 20. Nxf5 {[%emt 0:01:26]} gxf5 {[%emt 0:01:15]} 21. f4 {[%emt 0:03:35]} exf4 22. Rxf4 {[%emt 0:00:24]} Ne4 {[%emt 0:04:50]} 23. Rc1 {[%emt 0:00:45]} c6 {[%emt 0:02:20]} 24. dxc6 {[%emt 0:03:11]} Rxc6 {[%emt 0:00:27]} 25. Nc3 {[%emt 0:05:26]} Nxc3 {[%emt 0:02:42]} 26. bxc3 {[%emt 0:00:24]} Re8 {[%emt 0:03:41]} 27. Bh5 {[%emt 0:06:14]} Rce6 {[%emt 0:07:38]} 28. Bxe8 {[%emt 0:12:04]} Qxe8 {[%emt 0:00:03]} 29. Kf2 {[%emt 0:00:32]} Bh6 {[%emt 0:04:33]} 30. Qd2 {[%emt 0:00:18]} Bc6 {[%emt 0:03:25]} 31. Re1 {[%emt 0:01:34]} Bxf4 {[%emt 0:07:07]} 32. Bxf4 {[%emt 0:00:07]} Be4 {[%emt 0:00:38]} 33. Re3 {[%emt 0:01:28]} Rg6 {[%emt 0:04:41]} 34. Rg3 {[%emt 0:00:33]} Qc6 {[%emt 0:02:02]} 1/2-1/2

[Event "3rd Memorial Warakomska 2019"]
[Site "Suwalki"]
[Date "2019.08.12"]
[Round "9.36"]
[White "Szczurek, Krzysztof"]
[Black "Czerw, Dawid"]
[Result "0-1"]
[WhiteElo "2104"]
[BlackElo "2326"]
[Annotator "ChessBase"]
[PlyCount "212"]
[EventDate "2019.08.05"]
[EventType "swiss"]
[EventCountry "POL"]
[SourceTitle "playchess.com"]
[Source "ChessBase"]
[SourceQuality "1"]
[TimeControl "40/5400+30:1800+30"]

1. e4 {[%emt 0:00:00]} c5 {[%emt 0:00:00]} 2. c3 {[%emt 0:00:00]} d5 {[%emt 0:00:00]} 3. exd5 {[%emt 0:00:00]} Qxd5 {[%emt 0:00:00]} 4. d4 {[%emt 0:00:00]} Nf6 {[%emt 0:00:00]} 5. Nf3 {[%emt 0:00:00]} e6 {[%emt 0:00:00]} 6. Na3 {[%emt 0:00:11]} Be7 {[%emt 0:02:57]} 7. Nb5 {[%emt 0:01:39]} Na6 {[%emt 0:01:09]} 8. Be3 {[%emt 0:00:28]} O-O {[%emt 0:03:16]} 9. Be2 {[%emt 0:04:53]} Qd8 {[%emt 0:06:01]} 10. dxc5 {[%emt 0:02:28]} Bxc5 {[%emt 0:04:16]} 11. Bxc5 {[%emt 0:10:43]} Nxc5 {[%emt 0:00:54]} 12. Qxd8 {[%emt 0:00:06]} Rxd8 {[%emt 0:00:05]} 13. O-O {[%emt 0:00:07]} Bd7 {[%emt 0:05:47]} 14. Ne5 {[%emt 0:04:08]} Bxb5 {[%emt 0:04:46]} 15. Bxb5 {[%emt 0:00:08]} a6 {[%emt 0:03:42]} 16. Bc4 {[%emt 0:00:28]} Na4 {[%emt 0:03:53]} 17. Rab1 {[%emt 0:02:01]} Ne4 {[%emt 0:02:32]} 18. Bb3 {[%emt 0:02:25]} Nac5 {[%emt 0:02:49]} 19. Nf3 {[%emt 0:00:07]} Nxb3 {[%emt 0:04:17]} 20. axb3 {[%emt 0:00:16]} Nd2 {[%emt 0:00:52]} 21. Nxd2 {[%emt 0:00:31]} Rxd2 {[%emt 0:00:07]} 22. Rfd1 {[%emt 0:03:50]} Rad8 {[%emt 0:01:01]} 23. Rxd2 {[%emt 0:00:12]} Rxd2 {[%emt 0:00:03]} 24. g4 {[%emt 0:01:45]} h5 {[%emt 0:04:23]} 25. gxh5 {[%emt 0:05:53]} Kf8 {[%emt 0:08:18]} 26. Kg2 {[%emt 0:01:34]} Rd5 {[%emt 0:01:23]} 27. b4 {[%emt 0:02:08]} Rg5+ {[%emt 0:00:34]} 28. Kf3 {[%emt 0:00:13]} Rxh5 {[%emt 0:00:19]} 29. Kg3 {[%emt 0:00:03]} Rd5 {[%emt 0:01:15]} 30. f3 {[%emt 0:01:48]} Rd2 {[%emt 0:01:36]} 31. h4 {[%emt 0:02:06]} Ke7 {[%emt 0:00:41]} 32. b3 {[%emt 0:03:05]} Rc2 {[%emt 0:02:34]} 33. c4 {[%emt 0:00:08]} Rc3 {[%emt 0:00:44]} 34. Kf2 {[%emt 0:03:13]} g6 {[%emt 0:03:04]} 35. Rb2 {[%emt 0:02:14]} Rd3 {[%emt 0:01:25]} 36. Rb1 {[%emt 0:00:53]} Rd2+ {[%emt 0:02:34]} 37. Kg3 {[%emt 0:00:40]} Kf6 {[%emt 0:03:00]} 38. Rc1 {[%emt 0:01:37]} Rd3 {[%emt 0:02:59]} 39. c5 {[%emt 0:03:53]} Rxb3 {[%emt 0:00:45]} 40. c6 {[%emt 0:00:00]} bxc6 {[%emt 0:00:00]} 41. Rxc6 {[%emt 0:00:10]} Rxb4 {[%emt 0:00:39]} 42. Rxa6 {[%emt 0:00:06]} Kf5 {[%emt 0:03:38]} 43. Ra7 {[%emt 0:00:48]} f6 {[%emt 0:00:09]} 44. Ra5+ {[%emt 0:00:04]} e5 {[%emt 0:00:05]} 45. Rc5 {[%emt 0:00:06]} Rd4 {[%emt 0:04:53]} 46. Rc6 {[%emt 0:08:59]} Rd7 {[%emt 0:04:46]} 47. Ra6 {[%emt 0:00:53]} Re7 {[%emt 0:00:04]} 48. Rb6 {[%emt 0:13:13]} Re6 {[%emt 0:00:06]} 49. Rb5 {[%emt 0:00:06]} Rd6 {[%emt 0:00:24]} 50. Rb7 {[%emt 0:00:23]} Rd3 {[%emt 0:00:48]} 51. Rb5 {[%emt 0:00:26]} Ke6 {[%emt 0:01:45]} 52. Rb6+ {[%emt 0:03:24]} Rd6 {[%emt 0:00:33]} 53. Rb8 {[%emt 0:00:31]} f5 {[%emt 0:01:02]} 54. Re8+ {[%emt 0:13:53]} Kf6 {[%emt 0:00:39]} 55. Rf8+ {[%emt 0:00:43]} Kg7 {[%emt 0:00:50]} 56. Re8 {[%emt 0:00:06]} Rd5 {[%emt 0:00:57]} 57. Kg2 {[%emt 0:01:06]} Kf7 {[%emt 0:02:06]} 58. Ra8 {[%emt 0:00:12]} Rd2+ {[%emt 0:00:30]} 59. Kg1 {[%emt 0:01:02]} Rd4 {[%emt 0:03:12]} 60. Rh8 {[%emt 0:00:43]} Kg7 {[%emt 0:00:40]} 61. Re8 {[%emt 0:00:10]} e4 {[%emt 0:01:04]} 62. h5 {[%emt 0:05:38]} gxh5 {[%emt 0:02:46]} 63. fxe4 {[%emt 0:00:15]} Rxe4 {[%emt 0:00:24]} 64. Ra8 {[%emt 0:00:07]} Kf6 {[%emt 0:01:02]} 65. Kg2 {[%emt 0:00:20]} Kg5 {[%emt 0:02:00]} 66. Rg8+ {[%emt 0:01:30]} Kf4 {[%emt 0:00:55]} 67. Rh8 {[%emt 0:00:08]} Re2+ {[%emt 0:00:31]} 68. Kf1 {[%emt 0:00:12]} Rh2 {[%emt 0:00:15]} 69. Kg1 {[%emt 0:00:19]} Rh3 {[%emt 0:00:38]} 70. Kg2 {[%emt 0:00:42]} Rg3+ {[%emt 0:00:25]} 71. Kf2 {[%emt 0:00:39]} Rg5 {[%emt 0:00:06]} 72. Rh7 {[%emt 0:00:03]} Kg4 {[%emt 0:00:27]} 73. Rh6 {[%emt 0:00:57]} h4 {[%emt 0:01:16]} 74. Kg2 {[%emt 0:00:45]} Rg8 {[%emt 0:05:55]} 75. Rh7 {[%emt 0:00:46]} Ra8 {[%emt 0:01:48]} 76. Rg7+ {[%emt 0:00:07]} Kf4 {[%emt 0:00:04]} 77. Rb7 {[%emt 0:00:52]} Ra3 {[%emt 0:02:08]} 78. Rb4+ {[%emt 0:00:45]} Kg5 {[%emt 0:00:08]} 79. Rb8 {[%emt 0:00:53]} Rg3+ {[%emt 0:01:02]} 80. Kf2 {[%emt 0:00:13]} Kg4 {[%emt 0:01:48]} 81. Rg8+ {[%emt 0:00:31]} Kf4 {[%emt 0:00:20]} 82. Rh8 {[%emt 0:00:10]} Rf3+ {[%emt 0:00:43]} 83. Ke2 {[%emt 0:01:27]} Rh3 {[%emt 0:00:18]} 84. Kf2 {[%emt 0:00:22]} Rh2+ {[%emt 0:00:22]} 85. Kg1 {[%emt 0:00:29]} Ra2 {[%emt 0:00:16]} 86. Rb8 {[%emt 0:00:24]} Kg4 {[%emt 0:01:42]} 87. Rg8+ {[%emt 0:00:34]} Kf3 {[%emt 0:00:08]} 88. Rg5 {[%emt 0:00:30]} f4 {[%emt 0:01:08]} 89. Rb5 {[%emt 0:00:12]} Kg4 {[%emt 0:01:06]} 90. Rb8 {[%emt 0:00:15]} Kg3 {[%emt 0:05:24]} 91. Rg8+ {[%emt 0:00:07]} Kf3 {[%emt 0:00:04]} 92. Rb8 {[%emt 0:00:09]} Ra1+ {[%emt 0:00:17]} 93. Kh2 {[%emt 0:00:06]} Re1 {[%emt 0:00:31]} 94. Rf8 {[%emt 0:00:55]} Ke3 {[%emt 0:03:46]} 95. Kg2 {[%emt 0:01:32]} h3+ {[%emt 0:00:56]} 96. Kxh3 {[%emt 0:00:09]} f3 {[%emt 0:00:08]} 97. Re8+ {[%emt 0:02:45]} Kd2 {[%emt 0:01:05]} 98. Rd8+ {[%emt 0:01:19]} Ke2 {[%emt 0:00:07]} 99. Re8+ {[%emt 0:00:14]} Kf1 {[%emt 0:01:10]} 100. Rf8 {[%emt 0:00:26]} f2 {[%emt 0:01:00]} 101. Kg3 {[%emt 0:00:42]} Re3+ {[%emt 0:00:37]} 102. Kh2 {[%emt 0:00:22]} Ke1 {[%emt 0:00:28]} 103. Kg2 {[%emt 0:00:12]} Re7 {[%emt 0:01:12]} 104. Rf6 {[%emt 0:00:38]} Rg7+ {[%emt 0:00:07]} 105. Kh2 {[%emt 0:00:04]} f1=Q {[%emt 0:00:36]} 106. Re6+ {[%emt 0:00:55]} Qe2+ {[%emt 0:00:05]} 0-1

[Event "3rd Memorial Warakomska 2019"]
[Site "Suwalki"]
[Date "2019.08.12"]
[Round "9.37"]
[White "Chan, Kim Yew"]
[Black "Kukula, Pawel"]
[Result "1-0"]
[WhiteElo "2276"]
[BlackElo "2209"]
[Annotator "ChessBase"]
[PlyCount "85"]
[EventDate "2019.08.05"]
[EventType "swiss"]
[EventCountry "POL"]
[SourceTitle "playchess.com"]
[Source "ChessBase"]
[SourceQuality "1"]
[TimeControl "40/5400+30:1800+30"]

1. d4 {[%emt 0:00:00]} e6 {[%emt 0:00:30]} 2. Nf3 {[%emt 0:00:00]} f5 {[%emt 0:00:12]} 3. g3 Nf6 {[%emt 0:00:16]} 4. Bg2 {[%emt 0:00:00]} Be7 {[%emt 0:00:13]} 5. O-O {[%emt 0:00:00]} O-O {[%emt 0:00:07]} 6. c4 {[%emt 0:00:00]} d6 {[%emt 0:00:14]} 7. Nc3 {[%emt 0:00:00]} Ne4 {[%emt 0:00:18]} 8. Qc2 {[%emt 0:00:00]} Nxc3 {[%emt 0:00:52]} 9. Qxc3 {[%emt 0:00:00]} a5 {[%emt 0:00:08]} 10. Re1 {[%emt 0:00:09]} Nc6 {[%emt 0:00:17]} 11. e4 {[%emt 0:00:08]} e5 {[%emt 0:00:23]} 12. dxe5 {[%emt 0:00:06]} dxe5 {[%emt 0:00:05]} 13. c5 {[%emt 0:00:03]} Bf6 {[%emt 0:09:41]} 14. exf5 {[%emt 0:00:15]} Bxf5 {[%emt 0:01:36]} 15. Nd2 {[%emt 0:00:16]} Kh8 {[%emt 0:02:28]} 16. Ne4 {[%emt 0:00:09]} Nd4 {[%emt 0:12:26]} 17. Be3 {[%emt 0:00:13]} Bxe4 {[%emt 0:01:20]} 18. Bxe4 {[%emt 0:00:09]} c6 {[%emt 0:00:07]} 19. Kg2 {[%emt 0:06:14]} Qc7 {[%emt 0:19:27]} 20. h4 {[%emt 0:15:00]} Rad8 {[%emt 0:03:16]} 21. h5 {[%emt 0:05:46]} Ne6 {[%emt 0:09:19]} 22. Qc2 {[%emt 0:17:56]} h6 {[%emt 0:08:08]} 23. Bf5 {[%emt 0:15:22]} Qe7 {[%emt 0:10:07]} 24. Rad1 {[%emt 0:08:03]} Rd5 {[%emt 0:01:50]} 25. Qc4 {[%emt 0:07:36]} Rfd8 {[%emt 0:00:29]} 26. Qg4 {[%emt 0:01:42]} Nf8 {[%emt 0:00:08]} 27. Be4 {[%emt 0:00:41]} Qf7 {[%emt 0:07:01]} 28. Bxd5 {[%emt 0:04:32]} cxd5 {[%emt 0:00:04]} 29. Bd2 {[%emt 0:01:54]} d4 {[%emt 0:02:32]} 30. Bxa5 {[%emt 0:01:20]} Ra8 {[%emt 0:00:02]} 31. b4 {[%emt 0:00:51]} Qxa2 {[%emt 0:00:06]} 32. Qf3 {[%emt 0:01:45]} Qf7 {[%emt 0:00:14]} 33. Rxe5 {[%emt 0:01:07]} Nh7 {[%emt 0:00:56]} 34. Qd5 {[%emt 0:01:26]} Qf8 {[%emt 0:00:29]} 35. Rf5 {[%emt 0:01:33]} Qe7 {[%emt 0:01:04]} 36. Rxd4 {[%emt 0:01:33]} Bxd4 {[%emt 0:00:10]} 37. Qxd4 {[%emt 0:00:01]} Nf6 {[%emt 0:00:13]} 38. Qe3 {[%emt 0:03:12]} Qf7 {[%emt 0:02:43]} 39. Qf3 {[%emt 0:01:02]} Re8 {[%emt 0:01:13]} 40. b5 {[%emt 0:00:00]} Qc4 {[%emt 0:00:00]} 41. Bc3 {[%emt 0:02:32]} Nd7 {[%emt 0:16:55]} 42. Rf7 {[%emt 0:01:29]} Ne5 {[%emt 0:00:19]} 43. Rf8+ {[%emt 0:00:32]} 1-0

[Event "3rd Memorial Warakomska 2019"]
[Site "Suwalki"]
[Date "2019.08.12"]
[Round "9.38"]
[White "Szostko, Jakub"]
[Black "Dzhuguryan, Tygran"]
[Result "1-0"]
[WhiteElo "2245"]
[BlackElo "2230"]
[Annotator "NA"]
[PlyCount "102"]
[EventDate "2019.08.05"]
[EventType "swiss"]
[EventCountry "POL"]
[SourceTitle "playchess.com"]
[Source "ChessBase"]
[SourceQuality "1"]
[TimeControl "40/5400+30:1800+30"]

1. e4 {[%emt 0:00:00]} c6 {[%emt 0:00:00]} 2. Nc3 {[%emt 0:00:00]} d5 {[%emt 0:00:00]} 3. Nf3 {[%emt 0:00:00]} Bg4 {[%emt 0:00:20]} 4. h3 {[%emt 0:00:00]} Bxf3 {[%emt 0:00:03]} 5. Qxf3 {[%emt 0:00:03]} Nf6 {[%emt 0:00:02]} 6. Be2 {[%emt 0:00:58]} e6 {[%emt 0:00:26]} 7. O-O {[%emt 0:00:29]} Qb6 {[%emt 0:00:35]} 8. Rd1 {[%emt 0:02:45]} d4 {[%emt 0:00:47]} 9. Nb1 {[%emt 0:03:16]} Nbd7 {[%emt 0:07:27]} 10. d3 {[%emt 0:03:18]} Qc7 {[%emt 0:08:27]} 11. Bf1 {[%emt 0:05:21]} h5 {[%emt 0:00:45]} 12. Nd2 {[%emt 0:07:19]} g6 {[%emt 0:03:04]} 13. Nc4 {[%emt 0:04:05]} e5 {[%emt 0:00:18]} 14. a4 {[%emt 0:08:08]} Bh6 {[%emt 0:01:30]} 15. Bxh6 {[%emt 0:13:02]} Rxh6 {[%emt 0:00:01]} 16. h4 {[%emt 0:00:19]} Kf8 {[%emt 0:04:57]} 17. g3 {[%emt 0:00:49]} Kg7 {[%emt 0:00:09]} 18. a5 {[%emt 0:04:10]} Rhh8 {[%emt 0:02:17]} 19. Bh3 {[%emt 0:01:01]} b5 {[%emt 0:04:09]} 20. Nd2 {[%emt 0:04:13]} Nc5 {[%emt 0:01:22]} 21. Rf1 {[%emt 0:03:49]} Na4 {[%emt 0:00:32]} 22. b3 {[%emt 0:01:25]} Nc3 {[%emt 0:00:19]} 23. Qg2 {[%emt 0:02:21]} Nh7 {[%emt 0:13:17]} 24. f4 {[%emt 0:02:04]} f6 {[%emt 0:00:08]} 25. Rf2 {[%emt 0:03:53]} Raf8 {[%emt 0:01:43]} 26. Nf3 {[%emt 0:04:39]} c5 {[%emt 0:00:35]} 27. Raf1 {[%emt 0:05:09]} Qd6 {[%emt 0:01:13]} 28. Qh2 {[%emt 0:02:13]} Rhg8 {[%emt 0:00:23]} 29. fxe5 {[%emt 0:02:29]} fxe5 {[%emt 0:00:14]} 30. g4 {[%emt 0:00:11]} hxg4 {[%emt 0:00:25]} 31. Bxg4 {[%emt 0:00:35]} Rf4 {[%emt 0:00:23]} 32. Nxe5 {[%emt 0:00:59]} Rxf2 {[%emt 0:01:27]} 33. Rxf2 {[%emt 0:00:20]} Rf8 {[%emt 0:01:23]} 34. Rxf8 {[%emt 0:01:18]} Nxf8 {[%emt 0:00:03]} 35. Qf4 {[%emt 0:01:26]} Qc7 {[%emt 0:02:58]} 36. Nxg6 {[%emt 0:04:02]} Qxf4 {[%emt 0:00:11]} 37. Nxf4 {[%emt 0:00:04]} Kf6 {[%emt 0:01:27]} 38. Kf2 {[%emt 0:02:31]} Ke5 {[%emt 0:02:06]} 39. Kg3 {[%emt 0:01:42]} Nh7 {[%emt 0:01:59]} 40. Ne6 {[%emt 0:00:00]} c4 {[%emt 0:00:00]} 41. bxc4 {[%emt 0:08:00]} bxc4 {[%emt 0:00:36]} 42. Nd8 {[%emt 0:04:35]} cxd3 {[%emt 0:01:53]} 43. cxd3 {[%emt 0:00:11]} Kd6 {[%emt 0:01:24]} 44. Kf4 {[%emt 0:01:22]} Kc5 {[%emt 0:01:49]} 45. h5 {[%emt 0:02:08]} Na2 {[%emt 0:00:58]} 46. Ne6+ {[%emt 0:00:40]} Kb5 {[%emt 0:01:08]} 47. Nxd4+ {[%emt 0:00:10]} Kxa5 {[%emt 0:00:01]} 48. h6 {[%emt 0:00:33]} Nb4 {[%emt 0:00:55]} 49. Ke3 {[%emt 0:00:30]} Ng5 {[%emt 0:00:27]} 50. Bh5 {[%emt 0:01:06]} Kb6 {[%emt 0:00:46]} 51. Bg6 {[%emt 0:00:47]} Nc2+ 1-0

[Event "3rd Memorial Warakomska 2019"]
[Site "Suwalki"]
[Date "2019.08.12"]
[Round "9.39"]
[White "Kubicka, Anna"]
[Black "Zaika, Daniil"]
[Result "0-1"]
[WhiteElo "2202"]
[BlackElo "2216"]
[Annotator "ChessBase"]
[PlyCount "100"]
[EventDate "2019.08.05"]
[EventType "swiss"]
[EventCountry "POL"]
[SourceTitle "playchess.com"]
[Source "ChessBase"]
[SourceQuality "1"]
[TimeControl "40/5400+30:1800+30"]

1. e4 {[%emt 0:00:00]} c5 {[%emt 0:00:00]} 2. Ne2 {[%emt 0:00:00]} d6 {[%emt 0:04:15]} 3. g3 {[%emt 0:00:00]} d5 {[%emt 0:08:57]} 4. Bg2 {[%emt 0:00:06]} dxe4 {[%emt 0:00:37]} 5. Bxe4 {[%emt 0:00:05]} Nf6 {[%emt 0:00:03]} 6. Bg2 {[%emt 0:00:06]} Nc6 {[%emt 0:00:53]} 7. O-O {[%emt 0:00:08]} Bg4 {[%emt 0:01:46]} 8. h3 {[%emt 0:00:55]} Bh5 {[%emt 0:01:00]} 9. d3 {[%emt 0:00:58]} e6 {[%emt 0:00:35]} 10. Nbc3 {[%emt 0:00:22]} Rc8 {[%emt 0:11:06]} 11. Be3 {[%emt 0:01:20]} Be7 {[%emt 0:00:26]} 12. Qd2 {[%emt 0:01:35]} Bxe2 {[%emt 0:16:30]} 13. Qxe2 {[%emt 0:00:33]} Nd4 {[%emt 0:03:55]} 14. Qd2 {[%emt 0:03:22]} Qb6 {[%emt 0:02:05]} 15. Rab1 {[%emt 0:07:18]} O-O {[%emt 0:02:18]} 16. f4 {[%emt 0:00:40]} Rfd8 {[%emt 0:01:37]} 17. Kh2 {[%emt 0:04:24]} Qa6 {[%emt 0:01:16]} 18. b3 {[%emt 0:02:24]} b5 {[%emt 0:03:10]} 19. a4 {[%emt 0:09:34]} b4 {[%emt 0:00:41]} 20. Ne2 {[%emt 0:05:26]} Nf5 {[%emt 0:13:54]} 21. g4 {[%emt 0:10:10]} Nh4 {[%emt 0:03:16]} 22. Ng3 {[%emt 0:07:28]} c4 {[%emt 0:07:09]} 23. bxc4 {[%emt 0:05:50]} Rxc4 {[%emt 0:00:08]} 24. Qf2 {[%emt 0:03:12]} Rc7 {[%emt 0:00:18]} 25. Bh1 {[%emt 0:07:22]} Qxa4 {[%emt 0:01:39]} 26. Rfc1 {[%emt 0:00:09]} Rdc8 {[%emt 0:03:26]} 27. Ra1 {[%emt 0:03:58]} Rxc2 {[%emt 0:03:48]} 28. Rxa4 {[%emt 0:02:56]} Rxf2+ {[%emt 0:00:07]} 29. Bxf2 {[%emt 0:00:03]} Rxc1 {[%emt 0:00:08]} 30. Rxa7 {[%emt 0:02:34]} Rc2 {[%emt 0:01:31]} 31. Rxe7 {[%emt 0:00:27]} Kf8 {[%emt 0:01:45]} 32. Rb7 {[%emt 0:01:50]} Rxf2+ {[%emt 0:00:06]} 33. Kg1 {[%emt 0:00:01]} Rb2 {[%emt 0:00:57]} 34. Ne4 {[%emt 0:04:23]} Nxe4 {[%emt 0:06:08]} 35. Bxe4 {[%emt 0:00:04]} Ng6 {[%emt 0:00:35]} 36. Bxg6 {[%emt 0:02:02]} hxg6 {[%emt 0:00:08]} 37. Rb8+ {[%emt 0:02:31]} Ke7 {[%emt 0:00:07]} 38. Rb7+ {[%emt 0:00:03]} Ke8 {[%emt 0:00:34]} 39. Rb8+ {[%emt 0:00:55]} Kd7 {[%emt 0:00:08]} 40. Rb7+ {[%emt 0:00:00]} Kc6 {[%emt 0:00:00]} 41. Rxf7 {[%emt 0:01:15]} b3 {[%emt 0:02:05]} 42. Re7 {[%emt 0:12:42]} Rc2 {[%emt 0:05:42]} 43. Rxe6+ {[%emt 0:01:36]} Kc5 {[%emt 0:00:17]} 44. Re5+ {[%emt 0:02:29]} Kd4 {[%emt 0:00:18]} 45. Re6 {[%emt 0:01:15]} b2 {[%emt 0:00:17]} 46. Rb6 {[%emt 0:00:45]} Rc1+ {[%emt 0:00:15]} 47. Kg2 b1=Q {[%emt 0:00:16]} 48. Rxb1 {[%emt 0:00:04]} Rxb1 {[%emt 0:00:06]} 49. Kg3 {[%emt 0:00:03]} Kxd3 {[%emt 0:00:19]} 50. Kh4 {[%emt 0:00:21]} Rb5 {[%emt 0:00:28]} 0-1